Hướng dẫn thực hành adobe flash CS6: Chỉ dẫn bằng hình - học 1 biết 10

Sách gồm 10 chương, hướng dẫn thực hành cách tạo các ảnh động cho Web và video flash CS6.

Gespeichert in:
Bibliographische Detailangaben
1. Verfasser: Khải Hoàn
Format: Buch
Sprache:Undetermined
Veröffentlicht: Hà Nội Giao thông vận tải 2011
Schlagworte:
Tags: Tag hinzufügen
Keine Tags, Fügen Sie den ersten Tag hinzu!
Thư viện lưu trữ: Trung tâm Học liệu Trường Đại học Cần Thơ
LEADER 00861nam a2200229Ia 4500
001 CTU_180557
008 210402s9999 xx 000 0 und d
020 |c 56000 
082 |a 006.68 
082 |b H406 
100 |a Khải Hoàn 
245 0 |a Hướng dẫn thực hành adobe flash CS6: 
245 0 |b Chỉ dẫn bằng hình - học 1 biết 10 
245 0 |c Khải Hoàn 
260 |a Hà Nội 
260 |b Giao thông vận tải 
260 |c 2011 
520 |a Sách gồm 10 chương, hướng dẫn thực hành cách tạo các ảnh động cho Web và video flash CS6. 
650 |a Computer graphics,Application software,Đồ họa máy tính 
650 |x Computer programs,Chương trình máy tính 
910 |a Nguyên 
980 |a Trung tâm Học liệu Trường Đại học Cần Thơ